00551nam a22001817a 450000500170000001000150001702000110003203500130004303700130005608200080006910000200007724500880009726000460018527000480023130000290027950000400030870000210034820100816141711.0 aENG-100691 c500.00 aEN-84224 bDBAD/PUB a385 aBhandari, R. R. aWestern railway :ba glorious saga /cby R. R. Bhandari ; forword by A. K. Jhingron aMumbaibWestern Railway Publicationc2008 aWestern Railway PublicationbMumbaie400020 a227 p. :b26cm (Hb)cill aIncludes bibliographical references aJhingron, A. K.